00543 2200193 4500001002100000005001500021035002000036007000300056008004100059020002200100082000800122084001400130100002100144245006800165250001100233260005100244300003500295650001900330INLIS00000000000101920210730101022 a0010-0721000057ta210730 e f ind  a978-602-481-035-1 a823 a823 CHA h0 aCharles R. Cross1 aHeavier Than Heaven :bBiografi Kurt Cobain /cCharles R. Cross acet. 1 aJakarta :bKepustakaan Populer Gramedia,c2018 axx + 564 hlm. ;c14 cm X 21 cm aNovel Biografi